Cultura general de la música urbana - Estadísticas

Estadísticas generales
  • Esta prueba ha sido intentada 3.786 veces
  • La puntuación promedio es 13 de 20
Estadísticas de respuestas
Pregunta Respuesta % Correcto
¿Qué emblemáticos accesorios casi siempre lleva el Biza? Gorra
89%
¿Qué emblemáticos accesorios casi siempre lleva el Biza? Gafas
88%
¿En qué isla originó el reguetón? Puerto Rico
88%
¿Con qué artista Wisin forma su dúo? Yandel
86%
¿Qué canción se reprodució mil millones veces en YouTube dentro de tres meses en 2017? «Despacito»
80%
¿Con qué animal Shakira suele compararse? Lobo
80%
¿En la frontera de cuáles países es popular los corridos tumbados? México
80%
¿Quién se llama "El Ultimo Don" en uno de sus álbumes? Don Omar
78%
¿Qué criatura baila en el remix de «Dame tu cosita»? Alien
72%
¿Quién famosamente retiró en 2023? Daddy Yankee
66%
¿En la frontera de cuáles países es popular los corridos tumbados? Estados Unidos
65%
¿Cómo se llama el tour y álbum de Rosalía en 2022? Motomami
65%
En 2020, J Balvin y Tainy colaboraron en «Agua». ¿De qué serie trata? Bob Esponja
62%
¿Cuáles son las siglas del segundo álbum de Bad Bunny? YHLQMDLG
62%
¿Qué verbo refiere al baile con movimientos de caderas común en el reguetón? Perrear
62%
Según el título de su canción de 2023, ¿quién dice Karol G tenía razón? Su ex
47%
¿A qué cosa refiere la canción «Krippy Kush»? Marihuana
36%
Aparte de sus Music Sessions, ¿qué otras sesiones ha lanzado Bizarrap? Freestyle Sessions
32%
¿Quién entró en la escena musical con su sencillo «Wapo traketero» en 2019? Nicki Nicole
31%
¿Qué banda mexicana comparte las primeras seis letras del nombre con Grupo Frontera? Grupo Firme
10%
No se encontraron pruebas coincidentes
Distribución de puntuación
Porcentaje de gente con cada puntuación
Porcentaje por número respondido
Historial de tus puntuaciones
No has intentado esta prueba.